000 00706nam a2200289Ia 4500
005 20260324130941.0
008 008 260324s9999 xx 000 0 eng d
020 _a9781315250076
037 _aEBOOK
040 _aCRL
040 _beng
040 _cCRL
041 _2eng
041 _aeng
084 _qCRL
100 _aBernd Marin; Asghar Zaidi
_91183656
245 0 _aMainstreaming Ageing
245 0 _bIndicators to Monitor Sustainable Progress and Policies
260 _bTaylor and Francis
260 _c2007
365 _a
365 _b300
856 _uhttp://www.taylorfrancis.com/books/9781315250076
942 _cEBOOK
999 _c1780383
_d1780383